000 01411nam a22003378i 4500
005 20200320222146.0
008 180906s2019 nyu b 000 1 eng
020 _a9780316431279 (hardcover)
040 _aDLC
_beng
_erda
_cDLC
_dCTMM
050 0 0 _aPZ7.1.M6682
_bSat 2019
082 0 0 _a[E]
_223
100 1 _aMora, Oge,
_eauthor,
_eillustrator.
_95812454
245 1 0 _aSaturday /
_cOge Mora.
250 _aFirst edition.
264 1 _aNew York ;
_aBoston :
_bLittle, Brown and Company,
_c2019.
264 2 _aOld Saybrook, Connecticut :
_bwww.micromarketing.org
300 _apages cm
336 _atext
336 _astill image
337 _aunmediated
338 _avolume
500 _a[Typographic symbols and accents removed for systems compatibility.]
520 _aWhen all of their special Saturday plans go awry, Ava and her mother still find a way to appreciate one another and their time together.
588 _aTitle and description based on researched data; resource not viewed.
650 1 _aMothers and daughters
_vFiction.
_95673712
650 1 _aAdaptability (Psychology)
_vFiction.
_96012555
942 _cBOOK
_06
948 _a10/03/2019
_zSirsi
949 _nwww.MicroMarketing.org 800-229-9887
996 _a170884
_b34301001657818
_cE
_dbk
_ewcl
_fo
_g6
_h18.99
_lMicroMarketing
_mMor
_p10/31/2019
_q03/04/2020
_r03/05/2020
999 _c322205
_d322204